[Event "DM 2023 Kandidatklassen"]
[Site "Svendborg"]
[Date "2023.04.05"]
[Round "2"]
[White "Thuesen, Mogens Henrik"]
[Black "Nielsen, Phillip"]
[Result "1/2-1/2"]
[WhiteElo "2156"]
[BlackElo "1987"]
[PlyCount "115"]
[EventDate "2023.04.04"]
[EventType "swiss"]
[EventRounds "7"]
[EventCountry "DEN"]
[SourceTitle "Live v. Kasper Jerwiarz"]

1. e4 d5 2. exd5 Nf6 3. d4 Qxd5 4. Nf3 Bg4 5. Be2 Nc6 6. h3 Bf5 7. O-O e6 8. c4
Qd7 9. Nc3 O-O-O 10. Be3 Kb8 11. Ne5 Nxe5 12. dxe5 Ne4 13. Qc1 Be7 14. Nb5 a6
15. Rd1 Qc8 16. Nd4 Bg6 17. b4 c5 18. bxc5 Nxc5 19. Qb2 Na4 20. Qb3 Nc5 21. Qc3
Qc7 22. a4 Ka8 23. f4 Be4 24. Nb3 Nxb3 25. Qxb3 Bc5 26. Kf2 Qc6 27. g4 Kb8 28.
Bxc5 Qxc5+ 29. Qe3 Qxe3+ 30. Kxe3 Bc6 31. a5 Kc7 32. h4 h6 33. h5 f6 34. exf6
gxf6 35. Rxd8 Rxd8 36. Rg1 Rg8 37. Bd3 Be8 38. Be4 b6 39. axb6+ Kxb6 40. Kd4
Bc6 41. Rb1+ Kc7 42. Bg6 Be8 43. Bxe8 Rxe8 44. Kc5 Rg8 45. Rb6 Rxg4 46. Rxe6
Rxf4 47. Re7+ Kd8 48. Rh7 a5 49. Rxh6 a4 50. Rh8+ Ke7 51. h6 Rh4 52. Kb4 f5 53.
h7 Kf7 54. Ra8 Rxh7 55. Rxa4 Ke6 56. Kc3 Kd6 57. c5+ Kxc5 58. Ra5+ 1/2-1/2

[Event "DM 2023 Kandidatklassen"]
[Site "Svendborg"]
[Date "2023.04.05"]
[Round "2"]
[White "Iskos, Lukas"]
[Black "Falkesgaard, Jeppe Hald"]
[Result "0-1"]
[WhiteElo "2013"]
[BlackElo "2062"]
[PlyCount "188"]
[EventDate "2023.04.04"]
[EventType "swiss"]
[EventRounds "7"]
[EventCountry "DEN"]
[SourceTitle "Live v. Kasper Jerwiarz"]

1. d4 Nf6 2. Nf3 g6 3. g3 Bg7 4. Bg2 O-O 5. O-O d6 6. c4 c5 7. Nc3 Nc6 8. dxc5
dxc5 9. Qxd8 Rxd8 10. Be3 Nd4 11. Rfd1 Ng4 12. Bxd4 cxd4 13. e3 Be6 14. Nxd4
Bxc4 15. b3 Ba6 16. Rac1 e6 17. b4 Bc4 18. Na4 Bd5 19. Nc5 b6 20. Na6 Bxg2 21.
Kxg2 Rac8 22. h3 Nf6 23. Nb5 Rxd1 24. Rxc8+ Bf8 25. Kf3 Rd2 26. a4 Nd7 27. e4
Ra2 28. Nc3 Ra3 29. Ke2 Kg7 30. Kd2 Ne5 31. Rc7 Bd6 32. Rxa7 Nf3+ 33. Kc2 Be5
34. Rc7 Bxc7 35. Nxc7 Nd4+ 36. Kd3 Nf3 37. Kc2 Nd4+ 38. Kd3 Nc6 39. Kc4 Ne5+
40. Kd4 Nf3+ 41. Kc4 Ne5+ 42. Kd4 Rb3 43. Na6 Nf3+ 44. Kd3 Kf8 45. Kc2 Nd4+ 46.
Kd3 Ne2 47. Kxe2 Rxc3 48. Nb8 Ke7 49. Kd2 Ra3 50. Nc6+ Kd6 51. Nd8 f5 52. exf5
exf5 53. a5 bxa5 54. bxa5 Kd7 55. Nb7 Kc7 56. Nc5 Rxa5 57. Ne6+ Kd6 58. Ng5 Ra7
59. Ke3 h6 60. Nf3 Ra3+ 61. Ke2 Ke6 62. Nd4+ Kd5 63. Nf3 Ra2+ 64. Ke3 Ra4 65.
Nh4 Ra6 66. Kd3 Ke5 67. Nf3+ Kf6 68. h4 Re6 69. Nd4 Re4 70. Ne2 Ra4 71. Ke3
Ra3+ 72. Kd2 Ke5 73. Nf4 g5 74. Ng6+ Kf6 75. h5 Ra1 76. Nf8 Rh1 77. Nd7+ Ke7
78. Ne5 Rxh5 79. Ke3 Rh1 80. Nd3 Ra1 81. Kd4 Kd6 82. Ke3 Ra3 83. Kd4 Ra4+ 84.
Ke3 Kd5 85. f4 Ra3 86. Ke2 Kd4 87. Ne5 Rxg3 88. Nf7 gxf4 89. Nxh6 Ke4 90. Kf2
Rg6 91. Nf7 f3 92. Kf1 Ke3 93. Ne5 Ra6 94. Nc4+ Kf4 0-1

[Event "DM 2023 Kandidatklassen"]
[Site "Svendborg"]
[Date "2023.04.05"]
[Round "2"]
[White "Jensen, Lars Munk"]
[Black "Wahlgreen, Noah Krug"]
[Result "1/2-1/2"]
[WhiteElo "2150"]
[BlackElo "1975"]
[PlyCount "107"]
[EventDate "2023.04.04"]
[EventType "swiss"]
[EventRounds "7"]
[EventCountry "DEN"]
[SourceTitle "Live v. Kasper Jerwiarz"]

1. c4 Nf6 2. g3 g6 3. Bg2 Bg7 4. Nc3 O-O 5. e4 d6 6. Nge2 c5 7. O-O Nc6 8. h3
a6 9. f4 Qc7 10. d3 Rb8 11. a4 Bd7 12. g4 e6 13. Ng3 Nd4 14. Be3 Ne8 15. Nce2
b5 16. axb5 Nxe2+ 17. Qxe2 axb5 18. Rab1 bxc4 19. dxc4 Rb3 20. Kh2 Qb6 21. Rf2
Nc7 22. Nf1 Rb8 23. Bc1 Bd4 24. Rf3 Ba4 25. Nd2 Rxf3 26. Nxf3 Qb3 27. Ra1 Rb4
28. Bf1 Bxb2 29. Rb1 Qd1 30. Rxb2 Qxc1 31. Rd2 Rb1 32. Bg2 Bd1 33. Qf2 Ne8 34.
Ra2 Qxf4+ 35. Qg3 Qxg3+ 36. Kxg3 Rc1 37. Ra8 Kf8 38. e5 Bxf3 39. Bxf3 Rc3 40.
exd6 Rd3 41. d7 Rxd7 42. Bc6 Re7 43. g5 e5 44. Kf3 Re6 45. Rxe8+ Rxe8 46. Bxe8
Kxe8 47. Ke4 f6 48. gxf6 Kf7 49. Kxe5 h6 50. Kd5 h5 51. Kxc5 g5 52. Kd6 g4 53.
hxg4 hxg4 54. c5 1/2-1/2

[Event "DM 2023 Kandidatklassen"]
[Site "Svendborg"]
[Date "2023.04.05"]
[Round "2"]
[White "Medhus, Vitus Bondo"]
[Black "Mollasoltani, Aryan"]
[Result "1/2-1/2"]
[WhiteElo "2097"]
[BlackElo "2008"]
[PlyCount "61"]
[EventDate "2023.04.04"]
[EventType "swiss"]
[EventRounds "7"]
[EventCountry "DEN"]
[SourceTitle "Live v. Kasper Jerwiarz"]

1. e4 c5 2. Nc3 e6 3. Bc4 Nc6 4. Nge2 a6 5. a4 Nf6 6. d4 d5 7. exd5 exd5 8. Bb3
Be7 9. Bg5 c4 10. Ba2 O-O 11. O-O Nb4 12. Bb1 Bf5 13. Ng3 Qd7 14. Nce2 Nc6 15.
Nxf5 Qxf5 16. Be3 b5 17. axb5 axb5 18. Rxa8 Rxa8 19. c3 Qd7 20. Ng3 g6 21. f4
Ng4 22. Bd2 f5 23. h3 Nf6 24. Qe2 Bf8 25. Re1 Re8 26. Qd1 Re6 27. Nf1 Qe8 28.
Rxe6 Qxe6 29. b3 Ne4 30. bxc4 bxc4 31. Bxe4 1/2-1/2

[Event "DM 2023 Kandidatklassen"]
[Site "Svendborg"]
[Date "2023.04.06"]
[Round "3"]
[White "Ramsdal, Jens Albert"]
[Black "Loftgaard, Mikkel Vinh"]
[Result "1-0"]
[WhiteElo "2388"]
[BlackElo "2244"]
[PlyCount "43"]
[EventDate "2023.04.04"]
[EventType "swiss"]
[EventRounds "7"]
[EventCountry "DEN"]
[SourceTitle "Live v. Kasper Jerwiarz"]

1. d4 Nf6 2. g3 e6 3. Bg2 d5 4. Nf3 Bd6 5. O-O O-O 6. c4 b6 7. cxd5 exd5 8. Nc3
Bb7 9. Qc2 a6 10. Nh4 Re8 11. Nf5 Bf8 12. Bg5 Re6 13. e4 h6 14. exd5 Re8 15.
Bf4 Ra7 16. Rae1 Rxe1 17. Rxe1 Nxd5 18. Nxd5 Bxd5 19. Bxd5 Qxd5 20. Re8 c5 21.
Bxb8 Rd7 22. Bd6 1-0

[Event "DM 2023 Kandidatklassen"]
[Site "Svendborg"]
[Date "2023.04.06"]
[Round "3"]
[White "Meskenas, Paulius"]
[Black "Kistrup, Nicolai"]
[Result "0-1"]
[WhiteElo "2216"]
[BlackElo "2300"]
[PlyCount "66"]
[EventDate "2023.04.04"]
[EventType "swiss"]
[EventRounds "7"]
[EventCountry "DEN"]
[SourceTitle "Live v. Kasper Jerwiarz"]

1. e4 c5 2. Nf3 e6 3. d4 cxd4 4. Nxd4 Nf6 5. Nc3 Nc6 6. Be3 Bb4 7. f3 d5 8. Bb5
Qa5 9. Qd3 Bd7 10. Bxc6 Bxc6 11. Nxc6 bxc6 12. O-O Bxc3 13. bxc3 O-O 14. e5 Nd7
15. Bf4 Rfb8 16. Bg3 Rb2 17. h4 Rab8 18. Kh2 Rxa2 19. Rab1 Rbb2 20. h5 Rxc2 21.
Rb7 Rxg2+ 22. Kh3 Qd8 23. Qe3 Rge2 24. Qf4 Reb2 25. Rb1 Rxb1 26. Rxb1 h6 27.
Rb7 Qc8 28. Rb1 Qa6 29. Qh4 Qd3 30. Qd8+ Kh7 31. Rb4 Qf5+ 32. Kh4 Nxe5 33. Bxe5
Qxe5 0-1

[Event "DM 2023 Kandidatklassen"]
[Site "Svendborg"]
[Date "2023.04.06"]
[Round "3"]
[White "Liu, Casper Yukun"]
[Black "Thogersen, Rasmus"]
[Result "1-0"]
[WhiteElo "2241"]
[BlackElo "2365"]
[PlyCount "57"]
[EventDate "2023.04.04"]
[EventType "swiss"]
[EventRounds "7"]
[EventCountry "DEN"]
[SourceTitle "Live v. Kasper Jerwiarz"]

1. d4 Nf6 2. c4 g6 3. h4 Bg7 4. Nc3 Nc6 5. e3 d6 6. a3 e5 7. d5 Ne7 8. e4 O-O
9. Be2 Ne8 10. h5 gxh5 11. Bd3 Bg4 12. f3 Bd7 13. g4 hxg4 14. fxg4 Ng6 15. g5
f6 16. Qh5 fxg5 17. Qxh7+ Kf7 18. Nf3 Nf4 19. Bxf4 gxf4 20. Rh6 Rg8 21. Qg6+
Ke7 22. Ng5 Rf8 23. Rh7 Rf6 24. Rxg7+ Nxg7 25. Qxg7+ Ke8 26. Nb5 Bxb5 27. Ne6
Qe7 28. Qg8+ Kd7 29. Qxa8 1-0

[Event "DM 2023 Kandidatklassen"]
[Site "Svendborg"]
[Date "2023.04.06"]
[Round "3"]
[White "Ostensen, Nicolai Maxime"]
[Black "Rewitz, Poul"]
[Result "1-0"]
[WhiteElo "2226"]
[BlackElo "2219"]
[PlyCount "123"]
[EventDate "2023.04.04"]
[EventType "swiss"]
[EventRounds "7"]
[EventCountry "DEN"]
[SourceTitle "Live v. Kasper Jerwiarz"]

1. c4 g6 2. Nc3 Bg7 3. g3 e5 4. Bg2 Ne7 5. h4 h5 6. Nf3 Nbc6 7. d3 d6 8. Bg5 f6
9. Bd2 Be6 10. e4 Nb4 11. Be3 c6 12. O-O O-O 13. Qe2 Bg4 14. Qd2 Qd7 15. d4 f5
16. dxe5 fxe4 17. Ng5 Bxe5 18. Ncxe4 c5 19. f4 Bg7 20. a3 Nbc6 21. Qxd6 Qxd6
22. Nxd6 b6 23. Rab1 Rad8 24. Nde4 Rd3 25. Rfe1 Rxe3 26. Rxe3 Bd4 27. Rbe1 Nf5
28. Nf2 Nxe3 29. Bxc6 Nd1 30. Bd5+ Kg7 31. Rxd1 Bxf2+ 32. Kxf2 Bxd1 33. Ne6+
Kf7 34. Nxf8+ Kxf8 35. Be4 Kg7 36. f5 Bb3 37. fxg6 Bxc4 38. Ke3 Kf6 39. Kf4 Be6
40. g7 Kxg7 41. Kg5 Bg4 42. Bd3 a5 43. Bc4 Kf8 44. Kf6 Ke8 45. Be6 Bd1 46. Ke5
Ke7 47. Bf5 Bf3 48. Bh3 b5 49. Bf1 b4 50. Bb5 bxa3 51. bxa3 Bd1 52. Kd5 Kf6 53.
Bd3 c4 54. Kxc4 Ke5 55. Kc3 a4 56. Kd2 Kd4 57. Kxd1 Kxd3 58. g4 hxg4 59. h5 g3
60. Ke1 Ke4 61. h6 Kf3 62. Kf1 1-0

[Event "DM 2023 Kandidatklassen"]
[Site "Svendborg"]
[Date "2023.04.06"]
[Round "3"]
[White "De Vleeschauwer, Maarten"]
[Black "Thorsen, Adrian Stenstrop"]
[Result "1-0"]
[WhiteElo "2256"]
[BlackElo "2060"]
[PlyCount "61"]
[EventDate "2023.04.04"]
[EventType "swiss"]
[EventRounds "7"]
[EventCountry "DEN"]
[SourceTitle "Live v. Kasper Jerwiarz"]

1. e4 g6 2. d4 Bg7 3. Nf3 c6 4. h3 d5 5. exd5 cxd5 6. Bf4 Nf6 7. Be2 Qb6 8. Nc3
a6 9. Na4 Qa5+ 10. c3 O-O 11. O-O Nbd7 12. b4 Qd8 13. Re1 b5 14. Nc5 Nxc5 15.
bxc5 Ne4 16. Qb3 e6 17. a4 Bd7 18. axb5 Bxb5 19. Bxb5 axb5 20. Qxb5 Nxc3 21.
Qd3 Ne4 22. Rac1 Ra4 23. c6 Qe7 24. c7 Rc8 25. Qb5 Raa8 26. Qb7 Nd6 27. Bxd6
Qxd6 28. Ra1 Qf8 29. Rxa8 Rxa8 30. Rb1 Re8 31. Qb8 1-0

[Event "DM 2023 Kandidatklassen"]
[Site "Svendborg"]
[Date "2023.04.06"]
[Round "3"]
[White "Falkesgaard, Jeppe Hald"]
[Black "Hansen, Soren Bech"]
[Result "0-1"]
[WhiteElo "2062"]
[BlackElo "2237"]
[PlyCount "98"]
[EventDate "2023.04.04"]
[EventType "swiss"]
[EventRounds "7"]
[EventCountry "DEN"]
[SourceTitle "Live v. Kasper Jerwiarz"]

1. d4 Nf6 2. c4 e6 3. Nf3 b6 4. a3 Ba6 5. e3 d5 6. Nbd2 Be7 7. Bd3 O-O 8. O-O
Nbd7 9. b4 c5 10. Qb3 cxd4 11. Nxd4 Ne5 12. Be2 Rc8 13. cxd5 Bxe2 14. Nxe2 Qxd5
15. Qxd5 Nxd5 16. Ne4 f5 17. N4g3 Bf6 18. Nd4 Nc6 19. Bb2 Nxd4 20. Bxd4 Bxd4
21. exd4 Rc4 22. Rfd1 Rfc8 23. Ne2 Kf7 24. Rac1 Nc3 25. Nxc3 Rxc3 26. Rxc3 Rxc3
27. g3 Rxa3 28. d5 exd5 29. Rxd5 Ke6 30. Rd8 Rb3 31. Ra8 Rxb4 32. Rxa7 Kf6 33.
Rb7 h6 34. Kg2 g5 35. Rh7 Kg6 36. Rc7 h5 37. Rc6+ Kg7 38. h4 gxh4 39. gxh4 b5
40. Rb6 Rg4+ 41. Kf3 b4 42. Ke3 Re4+ 43. Kf3 Rxh4 44. Kg3 Rg4+ 45. Kh3 Kf7 46.
f3 Rc4 47. Kg3 h4+ 48. Kh3 Ke7 49. Rb7+ Kd6 0-1

[Event "DM 2023 Kandidatklassen"]
[Site "Svendborg"]
[Date "2023.04.06"]
[Round "3"]
[White "Jarlskov, Daniel Tuk Hartso"]
[Black "Hoyer, Jacob K"]
[Result "1-0"]
[WhiteElo "2073"]
[BlackElo "2194"]
[PlyCount "83"]
[EventDate "2023.04.04"]
[EventType "swiss"]
[EventRounds "7"]
[EventCountry "DEN"]
[SourceTitle "Live v. Kasper Jerwiarz"]

1. d4 Nf6 2. c4 g6 3. h4 d5 4. Nc3 c6 5. Bf4 Bg7 6. e3 Nbd7 7. Be2 h5 8. Nf3
O-O 9. O-O dxc4 10. Bxc4 Nb6 11. Bb3 Nbd5 12. Be5 Bg4 13. Qe2 Nxc3 14. bxc3 Ne4
15. Qc2 Bf5 16. Qb2 e6 17. Bxg7 Kxg7 18. Bc2 Qb6 19. Rfb1 Qxb2 20. Rxb2 Nd6 21.
Bxf5 exf5 22. c4 b5 23. Ne5 Rfc8 24. c5 Ne4 25. a4 f6 26. Nd3 Rcb8 27. axb5
cxb5 28. Ra5 a6 29. Nb4 f4 30. Rxa6 fxe3 31. fxe3 Nc3 32. Rb3 Ne4 33. Rba3 Rxa6
34. Rxa6 Kf7 35. Ra7+ Ke6 36. d5+ Kf5 37. c6 Nc3 38. d6 Ke6 39. d7 Rf8 40. Rc7
Rd8 41. Rc8 Ke7 42. c7 1-0

[Event "DM 2023 Kandidatklassen"]
[Site "Svendborg"]
[Date "2023.04.06"]
[Round "3"]
[White "Koch Mueller, Oscar"]
[Black "Zander, Emil"]
[Result "0-1"]
[WhiteElo "2167"]
[BlackElo "2006"]
[PlyCount "90"]
[EventDate "2023.04.04"]
[EventType "swiss"]
[EventRounds "7"]
[EventCountry "DEN"]
[SourceTitle "Live v. Kasper Jerwiarz"]

1. d4 Nf6 2. c4 e6 3. Nc3 Bb4 4. e3 O-O 5. Nge2 c6 6. a3 Ba5 7. b4 Bc7 8. e4 d5
9. cxd5 exd5 10. e5 Nfd7 11. g3 f6 12. exf6 Qxf6 13. Be3 Nb6 14. Bg2 Bg4 15.
O-O N8d7 16. b5 Kh8 17. bxc6 bxc6 18. h3 Bh5 19. Qc1 Rae8 20. Bg5 Qf7 21. Nf4
h6 22. Nxh5 Qxh5 23. Bd2 Nc4 24. Qc2 Bb6 25. Qd3 Qf5 26. Qxf5 Rxf5 27. Rfd1
Bxd4 28. Rac1 Rxf2 29. Be1 Rd2+ 30. Kh1 Rxd1 31. Rxd1 Rxe1+ 32. Rxe1 Bxc3 33.
Re7 Nf6 34. Rxa7 Kh7 35. Rc7 Ne5 36. Kg1 c5 37. Kf1 c4 38. Rc5 Nd3 39. Rc7 Be5
40. Rc8 Nb2 41. Rc5 Bd6 42. Rb5 c3 43. Ke2 d4 44. g4 d3+ 45. Kf1 c2 0-1

[Event "DM 2023 Kandidatklassen"]
[Site "Svendborg"]
[Date "2023.04.06"]
[Round "3"]
[White "Terryn, Ezra"]
[Black "Medhus, Vitus Bondo"]
[Result "1-0"]
[WhiteElo "2213"]
[BlackElo "2097"]
[PlyCount "74"]
[EventDate "2023.04.04"]
[EventType "swiss"]
[EventRounds "7"]
[EventCountry "DEN"]
[SourceTitle "Live v. Kasper Jerwiarz"]

1. e4 c5 2. b4 cxb4 3. a3 bxa3 4. Nxa3 e5 5. Nf3 Nf6 6. Nxe5 Bc5 7. d4 Bb4+ 8.
Bd2 Bxd2+ 9. Qxd2 Nxe4 10. Qe3 Qa5+ 11. Ke2 Nc3+ 12. Kd3 Nd1 13. Nc6+ Nxe3 14.
Nxa5 Nxf1 15. Nb5 Kd8 16. Rhxf1 b6 17. Nc4 Ba6 18. Nbd6 Kc7 19. Rfe1 f6 20.
Ne8+ Kd8 21. Ned6 Kc7 22. d5 Bxc4+ 23. Nxc4 b5 24. Na3 Kb6 25. Reb1 a6 26. Nxb5
Kc5 27. Nc7 Ra7 28. Ra5+ Kd6 29. Nb5+ axb5 30. Rxa7 Kxd5 31. Rb2 b4 32. Rxb4
Kd6 33. Rb5  Rd8 34. c4 g6 35. h4 h6 36. g4  Rh8 37. Ke4 Re8+  1-0

[Event "DM 2023 Kandidatklassen"]
[Site "Svendborg"]
[Date "2023.04.06"]
[Round "3"]
[White "Thybo, Thomas Sondergaard"]
[Black "Le Besq, Alexander"]
[Result "1-0"]
[WhiteElo "2130"]
[BlackElo "2217"]
[PlyCount "149"]
[EventDate "2023.04.04"]
[EventType "swiss"]
[EventRounds "7"]
[EventCountry "DEN"]
[SourceTitle "Live v. Kasper Jerwiarz"]

1. e4 c5 2. Nf3 e6 3. d4 cxd4 4. Nxd4 Nc6 5. Nc3 Qc7 6. Be2 a6 7. Be3 Nf6 8.
O-O Be7 9. f4 d6 10. Qe1 O-O 11. Qg3 Rd8 12. Rad1 Nxd4 13. Bxd4 b5 14. Qe3 Rb8
15. e5 Ne8 16. Ne4 Rd7 17. Rd3 b4 18. exd6 Nxd6 19. Be5 Qb6 20. Qxb6 Rxb6 21.
Bxd6 Rbxd6 22. Nxd6 Rxd6 23. Rxd6 Bxd6 24. Rd1 Be7 25. c3 bxc3 26. bxc3 Kf8 27.
Kf1 Ke8 28. Bf3 Bc5 29. Bc6+ Ke7 30. Rb1 Bd6 31. Bb7 Bd7 32. Bxa6 Bxf4 33. g3
Be5 34. c4 Kd6 35. Ke2 Bd4 36. Rb8 e5 37. Rh8 e4 38. Bc8 Ba4 39. Rxh7 Bc2 40.
Ba6 Bd3+ 41. Kd2 Bb1 42. Rh5 Bc5 43. Bb7 f5 44. Rg5 Ke5 45. Rxg7 Bb4+ 46. Kd1
Kd4 47. c5 Bxa2 48. Ba6 Bxc5 49. Ke2 Be6 50. h4 Bf8 51. Rg6 Ke5 52. Bb5 Bf7 53.
Ra6 Bh5+ 54. Kf1 Be7 55. Bd7 Kd4 56. Bxf5 e3 57. Ra4+ Kd5 58. Bg4 Bg6 59. Ke2
Bc5 60. Bf3+ Ke5 61. h5 Bh7 62. g4 Bd4 63. g5 Bc2 64. Ra5+ Kf4 65. Bb7 Bf5 66.
Bf3 Bc3 67. Rc5 Bd4 68. Rd5 Bb6 69. g6 Be6 70. g7 Bg8 71. h6 Ba7 72. Bg2 Bb6
73. Bh1 Ba7 74. Rd3 Bb6 75. Bd5 1-0

[Event "DM 2023 Kandidatklassen"]
[Site "Svendborg"]
[Date "2023.04.06"]
[Round "3"]
[White "Wahlgreen, Noah Krug"]
[Black "Thuesen, Mogens Henrik"]
[Result "1-0"]
[WhiteElo "1975"]
[BlackElo "2156"]
[PlyCount "57"]
[EventDate "2023.04.04"]
[EventType "swiss"]
[EventRounds "7"]
[EventCountry "DEN"]
[SourceTitle "Live v. Kasper Jerwiarz"]

1. e4 c5 2. Nf3 e6 3. d4 cxd4 4. Nxd4 Nf6 5. Nc3 Nc6 6. Nxc6 bxc6 7. e5 Nd5 8.
Ne4 Qc7 9. f4 Qb6 10. c4 Ne3 11. Qd3 Nf5 12. Bd2 h5 13. O-O-O Bb7 14. Ba5 Qe3+
15. Qxe3 Nxe3 16. Rd2 Nxf1 17. Rxf1 c5 18. Nc3 a6 19. Re1 Be7 20. Ne4 Bxe4 21.
Rxe4 g5 22. g3 Rg8 23. Kc2 gxf4 24. gxf4 Rg4 25. Bc7 f5 26. exf6 Bxf6 27. h3
Rg3 28. f5 Bd4 29. Bxg3 1-0

[Event "DM 2023 Kandidatklassen"]
[Site "Svendborg"]
[Date "2023.04.06"]
[Round "3"]
[White "Nielsen, Phillip"]
[Black "Jensen, Lars Munk"]
[Result "1/2-1/2"]
[WhiteElo "1987"]
[BlackElo "2150"]
[PlyCount "35"]
[EventDate "2023.04.04"]
[EventType "swiss"]
[EventRounds "7"]
[EventCountry "DEN"]
[SourceTitle "Live v. Kasper Jerwiarz"]

1. d4 Nf6 2. Bf4 e6 3. e3 c5 4. c3 b6 5. Nd2 Be7 6. Nc4 O-O 7. Nd6 Ne8 8. Nxc8
Qxc8 9. Bd3 d5 10. Nf3 c4 11. Bc2 f5 12. O-O Nc6 13. Ne5 Bd6 14. Nxc6 Qxc6 15.
Bxd6 Nxd6 16. Qe2 Rf6 17. f3 Raf8 18. Rfe1 1/2-1/2

[Event "DM 2023 Kandidatklassen"]
[Site "Svendborg"]
[Date "2023.04.06"]
[Round "3"]
[White "Mollasoltani, Aryan"]
[Black "Iskos, Lukas"]
[Result "1/2-1/2"]
[WhiteElo "2008"]
[BlackElo "2013"]
[PlyCount "153"]
[EventDate "2023.04.04"]
[EventType "swiss"]
[EventRounds "7"]
[EventCountry "DEN"]
[SourceTitle "Live v. Kasper Jerwiarz"]

1. e4 c6 2. d4 d5 3. e5 Bf5 4. h4 h5 5. Bd3 Bxd3 6. Qxd3 Qa5+ 7. Nd2 e6 8. Ngf3
Qa6 9. c4 Nh6 10. O-O Nf5 11. Rd1 Be7 12. g3 Nd7 13. b3 c5 14. dxc5 Bxc5 15.
Ne4 Bd4 16. Nxd4 Nxe5 17. Nc5 Nxd3 18. Nxa6 Nxc1 19. Nxf5 Ne2+ 20. Kf1 bxa6 21.
Nxg7+ Kf8 22. Nxe6+ fxe6 23. Kxe2 dxc4 24. bxc4 Ke7 25. Rab1 Rab8 26. Rxb8 Rxb8
27. Rd2 Rb4 28. Kd3 e5 29. Rc2 Kd6 30. Ke4 Ke6 31. f4 exf4 32. gxf4 Rb8 33. c5
Rb4+ 34. Kf3 Kf5 35. c6 Rxf4+ 36. Ke3 Re4+ 37. Kd3 Re8 38. c7 Rc8 39. Ke3 Ke5
40. a4 a5 41. Rc3 Kf5 42. Kd4 Ke6 43. Ke4 Kd7 44. Kf5 Rf8+ 45. Kg5 Kc8 46. Rc5
Rh8 47. Kg6 Re8 48. Kxh5 Re4 49. Rxa5 Kxc7 50. Rxa7+ Kb6 51. Ra8 Kb7 52. Ra5
Kb6 53. Rb5+ Kc6 54. Rb1 Rxa4 55. Rd1 Kc7 56. Kg5 Ra5+ 57. Kg6 Ra6+ 58. Kg7 Ra5
59. Kf6 Rh5 60. Rd4 Ra5 61. Kg7 Rc5 62. Kg6 Rc6+ 63. Kg5 Rc5+ 64. Kg4 Rc1 65.
h5 Rg1+ 66. Kf5 Rf1+ 67. Kg6 Rg1+ 68. Kh7 Rg2 69. h6 Rg3 70. Rf4 Kd7 71. Rf6
Ke7 72. Rg6 Rf3 73. Kg7 Rf7+ 74. Kg8 Rf8+ 75. Kh7 Rf3 76. Rg7+ Kf8 77. Kg6
1/2-1/2

[Event "DM 2023 Kandidatklassen"]
[Site "Svendborg"]
[Date "2023.04.07"]
[Round "4"]
[White "Ostensen, Nicolai Maxime"]
[Black "Ramsdal, Jens Albert"]
[Result "0-1"]
[WhiteElo "2226"]
[BlackElo "2388"]
[PlyCount "78"]
[EventDate "2023.04.04"]
[EventType "swiss"]
[EventRounds "7"]
[EventCountry "DEN"]
[SourceTitle "Live v. Kasper Jerwiarz"]

1. c4 e5 2. Nc3 Nf6 3. Nf3 e4 4. Ng5 c6 5. Ngxe4 Nxe4 6. Nxe4 d5 7. cxd5 cxd5
8. Ng3 h5 9. e3 h4 10. Ne2 Nc6 11. d4 Qf6 12. Nc3 Qg6 13. a3 Bd6 14. h3 Bf5 15.
Qf3 Rh5 16. b4 Kf8 17. Bd2 Re8 18. Qxd5 Bxh3 19. Qc4 Bxg2 20. Bxg2 Qxg2 21.
O-O-O h3 22. f4 h2 23. d5 Ne7 24. e4 Rc8 25. Qd4 Rh3 26. Kb1 Qg6 27. Rc1 a5 28.
Nb5 Rxc1+ 29. Bxc1 Qg2 30. Qd1 Qxe4+ 31. Ka1 Nf5 32. Nxd6 Nxd6 33. Qf1 Qd4+ 34.
Kb1 axb4 35. Qxh3 Qe4+ 36. Ka2 Qxh1 37. Qh8+ Ke7 38. f5 Qxd5+ 39. Kb2 Qg2+ 0-1

[Event "DM 2023 Kandidatklassen"]
[Site "Svendborg"]
[Date "2023.04.07"]
[Round "4"]
[White "Kistrup, Nicolai"]
[Black "Liu, Casper Yukun"]
[Result "0-1"]
[WhiteElo "2300"]
[BlackElo "2241"]
[PlyCount "48"]
[EventDate "2023.04.04"]
[EventType "swiss"]
[EventRounds "7"]
[EventCountry "DEN"]
[SourceTitle "Live v. Kasper Jerwiarz"]

1. d4 Nf6 2. c4 g6 3. Nc3 d5 4. Nf3 Bg7 5. Bf4 O-O 6. Rc1 c5 7. dxc5 Nbd7 8.
cxd5 Qa5 9. Qa4 Qxa4 10. Nxa4 Nxd5 11. Bd2 b5 12. e4 bxa4 13. exd5 Bxb2 14. Rc2
a3 15. Bb5 Nf6 16. Bc6 Bf5 17. Rc4 Bd3 18. Ra4 Rab8 19. Rxa7 Ne4 20. Rb7 Nxc5
21. Rxb8 Rxb8 22. h4 Ne4 23. Ng5 Bc3 24. Nxe4 Rb1# 0-1

[Event "DM 2023 Kandidatklassen"]
[Site "Svendborg"]
[Date "2023.04.07"]
[Round "4"]
[White "Jarlskov, Daniel Tuk Hartso"]
[Black "De Vleeschauwer, Maarten"]
[Result "0-1"]
[WhiteElo "2073"]
[BlackElo "2256"]
[PlyCount "72"]
[EventDate "2023.04.04"]
[EventType "swiss"]
[EventRounds "7"]
[EventCountry "DEN"]
[SourceTitle "Live v. Kasper Jerwiarz"]

1. d4 d5 2. c4 c6 3. Nf3 Nf6 4. Nc3 e6 5. Bg5 dxc4 6. e4 b5 7. e5 h6 8. Bh4 g5
9. Nxg5 hxg5 10. Bxg5 Nbd7 11. g3 Bb7 12. exf6 Qb6 13. Bg2 O-O-O 14. O-O c5 15.
d5 b4 16. Na4 Qb5 17. a3 Nb8 18. axb4 cxb4 19. Qg4 Bxd5 20. Rfd1 Nc6 21. Bf4
Bxg2 22. Rxd8+ Kxd8 23. Kxg2 Qd5+ 24. f3 Qd3 25. h4 Nd4 26. Bb8 Qe2+ 27. Kh3
Nxf3 28. Rh1 Ke8 29. Bc7 Rh6 30. Qf4 Rh5 31. Rd1 Qxd1 32. Ba5 Qh1+ 33. Kg4
Rxh4+ 34. gxh4 Qg2+ 35. Qg3 Nh2+ 36. Kf4 Bd6+ 0-1

[Event "DM 2023 Kandidatklassen"]
[Site "Svendborg"]
[Date "2023.04.07"]
[Round "4"]
[White "Loftgaard, Mikkel Vinh"]
[Black "Meskenas, Paulius"]
[Result "1/2-1/2"]
[WhiteElo "2244"]
[BlackElo "2216"]
[PlyCount "47"]
[EventDate "2023.04.04"]
[EventType "swiss"]
[EventRounds "7"]
[EventCountry "DEN"]
[SourceTitle "Live v. Kasper Jerwiarz"]

1. e4 e5 2. Nf3 Nc6 3. Bc4 Bc5 4. c3 Nf6 5. d3 d6 6. O-O O-O 7. b4 Bb6 8. Re1
Ne7 9. Nbd2 Ng6 10. a4 a5 11. Bb3 axb4 12. cxb4 Ng4 13. Rf1 c6 14. Nc4 Bc7 15.
Bg5 Nf6 16. Re1 h6 17. Bd2 Nh5 18. Nfxe5 dxe5 19. Qxh5 Qd7 20. d4 Qxd4 21. Re2
Qd3 22. Re3 Qd8 23. g3 Kh7 24. Rd1 1/2-1/2

[Event "DM 2023 Kandidatklassen"]
[Site "Svendborg"]
[Date "2023.04.07"]
[Round "4"]
[White "Zander, Emil"]
[Black "Hansen, Soren Bech"]
[Result "1/2-1/2"]
[WhiteElo "2006"]
[BlackElo "2237"]
[PlyCount "78"]
[EventDate "2023.04.04"]
[EventType "swiss"]
[EventRounds "7"]
[EventCountry "DEN"]
[SourceTitle "Live v. Kasper Jerwiarz"]

1. e4 Nf6 2. e5 Nd5 3. c4 Nb6 4. d4 d6 5. f4 dxe5 6. fxe5 Nc6 7. Be3 Bf5 8. Nc3
e6 9. Be2 Be7 10. Nf3 O-O 11. O-O f6 12. exf6 Bxf6 13. Qd2 Qe7 14. Rad1 Rad8
15. Kh1 Bg4 16. c5 Nd5 17. Bg1 Bf5 18. Bb5 Nb8 19. Rde1 c6 20. Nxd5 cxd5 21.
Qe2 Nc6 22. Bxc6 bxc6 23. h3 Qb7 24. Bh2 Be4 25. Bd6 Rfe8 26. Ne5 Bxe5 27. Bxe5
Rf8 28. Bd6 Rf5 29. Kh2 Rd7 30. g4 Rxf1 31. Rxf1 Rf7 32. Rxf7 Qxf7 33. Kg3 h6
34. Qf2 Qg6 35. b4 a6 36. a4 Bd3 37. Qe3 h5 38. Qe5 hxg4 39. hxg4 Kh7 1/2-1/2